| 000 | 00495nam a2200169Ia 4500 | ||
|---|---|---|---|
| 008 | 210210b1998 xxu||||| |||| 00| 0 eng d | ||
| 020 | _a0 333 72017 2 | ||
| 082 | _a820.9 PECS | ||
| 100 | _aPECK (John) | ||
| 245 | _aShakespeare on film:New casebooks ed by Robert Shaughnessy. | ||
| 260 |
_aLondon _bMacmillan Press Ltd _c1998 |
||
| 300 | _a206 | ||
| 650 | _aShakespear's film Critical Essays New Case Books | ||
| 690 | _aEnglish Criticism | ||
| 700 | _aCOYLE (Martin). | ||
| 906 | _a056074 | ||
| 999 |
_c103539 _d103539 |
||